Statystyki dla Korona Gór Polski

Kliknij tutaj aby rozwiązać quiz!

Ogólne statystyki

  • Ten quiz został rozwiązany 25 razy
  • Średni wynik to 12 z 28

Statystyki odpowiedzi

Pasmo górskie (wysokość)Najwyższy szczyt% Poprawnych
Tatry (2499)Rysy
95%
Karkonosze (1603)Śnieżka
95%
Góry Świętokrzyskie (614)Łysica
79%
Beskid Żywiecki (1725)Babia Góra
74%
Masyw Ślęży (718)Ślęża
68%
Masyw Śnieżnika (1423)Śnieżnik
68%
Góry Stołowe (919)Szczeliniec Wielki
63%
Bieszczady (1346)Tarnica
63%
Gorce (1310)Turbacz
53%
Góry Sowie (1015)Wielka Sowa
53%
Góry Opawskie (889)Biskupia Kopa
42%
Góry Orlickie (1084)Orlica
42%
Beskid Sądecki (1266)Radziejowa
42%
Beskid Śląski (1257)Skrzyczne
42%
Góry Złote (989)Kowadło
37%
Beskid Niski (997)Lackowa
37%
Góry Bialskie (1106)Rudawiec
37%
Pieniny (1050)Wysokie Skałki
37%
Beskid Makowski (904)Lubomir
32%
Beskid Wyspowy (1171)Mogielica
26%
Rudawy Janowickie (945)Skalnik
26%
Góry Izerskie (1126)Wysoka Kopa
26%
Beskid Mały (933)Czupel
21%
Góry Bystrzyckie (977)Jagodna
21%
Góry Kamienne (936)Waligóra
21%
Góry Wałbrzyskie (853)Borowa
11%
Góry Bardzkie (765)Szeroka Góra
5%
Góry Kaczawskie (725)Okole
0%

Rozkład punktacji

Percentyl według liczby udzielonych odpowiedzi

Procent ludzi z każdym wynikiem

Twoja historia wyników

Nie rozwiązałeś tego quizu